Global existence and gradient estimates for quasilinear parabolic equations of the m-Laplacian type with a strong perturbation /

Na minha lista:
Detalhes bibliográficos
Autor principal: Chen, Caisheng.
Outros Autores: Nakao, Mitsuhiro., Ohara, Yasuhiro.
Formato: Atigo
Idioma:English
Assuntos:
Tags: Adicionar Tag
Sem tags, seja o primeiro a adicionar uma tag!
Thư viện lưu trữ: Thư viện Trường Đại học Đà Lạt
LEADER 00932nam a2200277 4500
001 DLU090093311
005 ##20091201
040 # # |a DLU  |b eng 
041 # # |a eng 
044 # # |a jp 
100 # # |a Chen, Caisheng. 
245 # # |a Global existence and gradient estimates for quasilinear parabolic equations of the m-Laplacian type with a strong perturbation /  |c Caisheng Chen, Mitsuhiro Nakao, Yasuhiro Ohara. 
653 # # |a Perturbation 
653 # # |a Quasilinear parabolic equations 
700 # # |a Nakao, Mitsuhiro. 
700 # # |a Ohara, Yasuhiro.  
773 # # |t Advances in Mathematical Sciences and Applications  |g Vol. 10, no. 1 (2000), p. 225-237 
920 # # |a Phòng Tạp chí -- Trung tâm Thông tin - Thư viện Trường Đại học Đà Lạt 
994 # # |a DLU 
900 # # |a True 
911 # # |a Trương Bảo Trâm Anh 
925 # # |a G 
926 # # |a A 
927 # # |a BB 
980 # # |a Thư viện Trường Đại học Đà Lạt